MARC

LEADER 00000nam0a2200000 4500
001 315391
005 20231102002756.0
020 |a RU  |b 82-53887 
035 |a (RuTPU)RU\TPU\book\340826 
090 |a 315391 
100 |a 20160301d1982 km y0rusy5003 ca 
101 0 |a rus 
102 |a RU 
105 |a a z 000zy 
200 1 |a Арболит: проблемы и перспективы  |e научно-тематический сборник  |f Сельстройматериалы ; под ред. М. А. Клименко 
210 |a Саратов  |c Изд-во Саратовского ун-та  |d 1982 
215 |a 79 с.  |c ил.  |e 1 л. табл. 
606 1 |a Арболит  |x Производство  |2 stltpush  |3 (RuTPU)RU\TPU\subj\29323  |9 52683 
610 1 |a перспективы 
610 1 |a рациональное использование 
610 1 |a сельскохозяйственное производство 
610 1 |a отходы 
610 1 |a лесозаготовительная промышленность 
610 1 |a деревообрабатывающая промышленность 
610 1 |a строительные изделия 
610 1 |a строительные конструкции 
610 1 |a экспериментальное строительство 
610 1 |a жилые дома 
675 |a 674.816  |z rus  |v 3 
702 1 |a Клименко  |b М. А.  |g Мария Ивановна  |4 340 
712 0 2 |a Сельстройматериалы  |c Проектно-технологическое производственное объединение  |2 stltpush  |3 (RuTPU)RU\TPU\col\24257  |9 28420 
801 0 |a RU  |b RuMRKP  |c 19950704  |g psbo 
801 1 |a RU  |b 63413507  |c 20160301 
801 2 |a RU  |b 63413507  |c 20191205  |g RCR 
942 |c BK